| 000 | 00418nam a2200157 4500 | ||
|---|---|---|---|
| 003 | OSt | ||
| 005 | 20230914120444.0 | ||
| 008 | 230914b |||||||| |||| 00| 0 eng d | ||
| 020 | _a9789355854506 | ||
| 040 | _cCOMPLIMENTARY | ||
| 050 |
_a540 _b540/KHA |
||
| 082 |
_2I _a540 _b540/KHA |
||
| 245 |
_aBASIC SCIENCE-CHEMISTRY _cKHAMKAR KASHMIRI _hENGLISH |
||
| 260 |
_aPUNE _bTECHNICAL PUBLICATION _c2023 |
||
| 942 |
_2ddc _n0 _cBK |
||
| 999 |
_c35957 _d35957 |
||